000 00784nam0a22002531 4500
001 rc\3519859
005 20250610013909.0
021 _aRU
_b[70-31935]
035 _a(NLR Aleph) 007622831
090 _a5938781
_c5938781
100 _a20130115d1970 |||y0rusy50 ca
101 0 _arus
102 _aRU
105 _aa z |||a|
200 1 _aВеселые небылички
_e[Стихи
_eДля мл. школьного возраста
_fИл.: В. Боровко
210 _aМинск
_cБеларусь
_d1970]
215 _a22 с.
_cил.
_d27
700 1 _aБурсов
_bИ.Т.
_f1927-
_gИван Терентьевич
702 1 _aБоровко
_bВ.
_4440
801 0 _aRU
_bNLR
_gpsbo
801 1 _aRU
_bELAR
_2rusmarc
852 _aNLR
_j69-7/3190
942 _cBOOK
980 _aNB